000
002900000a22001330004500
003
MACL
040
_a
MACL
090
_c
32477
_d
32475
100
_a
Sharma
245
_a
Ever Latest General Knowledge
260
_b
Kumar Publication
_c
2003
650
_a
Generalities
942
_c
BOOK
_k
001/Kum
999
_c
32147
_d
32147